Posúdenie opatrení na zníženie odtoku a erózie pôdy na povodí Myjavy

Guardado en:
Detalles Bibliográficos
Autor principal: Hudcovič, Lukáš (Autor)
Otros Autores: Hlavčová, Kamila (Orientador)
Formato: Manuscrito Libro
Lenguaje:eslovaco
Publicado: 2016
Materias:
Acceso en línea:http://is.stuba.sk/zp/portal_zp.pl?podrobnosti=120366
https://opac.crzp.sk/?fn=detailBiblioForm&sid=41728D440EB1EF62921D1B8922FE
Etiquetas: Agregar Etiqueta
Sin Etiquetas, Sea el primero en etiquetar este registro!

MARC

LEADER 00000ntm a22000003a 4500
001 stuzp56657
003 SK-STU
005 20230906151000.4
007 ta
008 150427s2015----xo-----f-mn---000-0-slo-d
040 |a STU  |b slo 
041 0 |a slo 
100 1 |a Hudcovič, Lukáš  |u 010160  |4 aut  |U SvF Stavebná fakulta  |T SvF Katedra vodného hospodárstva krajiny  |X 7102  |U V160  |Y 16  |7 A000007102 
242 0 1 |a Assessment of measurements reducing runoff and soil erosion on the Myjava basin  |y eng 
245 1 0 |a Posúdenie opatrení na zníženie odtoku a erózie pôdy na povodí Myjavy 
260 |c 2016 
650 4 |a erózia  |2 slo 
650 4 |a povodie  |2 slo 
650 4 |a výmoľ  |2 slo 
650 4 |a scour  |2 eng 
650 4 |a erosion  |2 eng 
650 4 |a basin  |2 eng 
700 1 |a Hlavčová, Kamila  |u 010160  |k Z1  |4 ths  |U SvF Stavebná fakulta  |T SvF Katedra vodného hospodárstva krajiny  |X 905  |U V160  |Y 16  |7 A000000905 
856 4 |u http://is.stuba.sk/zp/portal_zp.pl?podrobnosti=120366 
856 4 |u https://opac.crzp.sk/?fn=detailBiblioForm&sid=41728D440EB1EF62921D1B8922FE 
SQL |a stuzp56657  |b DDP  |c SLO  |d Posúdenie opatrení na zníženie odtoku a erózie pôdy na povodí Myjavy  |e 7102  |f Hudcovič, Lukáš  |g 010160  |h 905  |i Hlavčová, Kamila  |j 20160615  |k 580  |l 01  |m http://is.stuba.sk/zp/portal_zp.pl?podrobnosti=120366  |n I-KKP  |o 6.1.11. krajinárstvo